| 000 | 00894cam a22002773a 4500 | ||
|---|---|---|---|
| 001 | 12961 | ||
| 003 | PGUSA | ||
| 005 | 20140828083259.0 | ||
| 008 | 040720s2004||||xxu|||||s|||||000 | eng d | ||
| 040 |
_aPGUSA _beng |
||
| 042 | _adc | ||
| 050 | 4 | _aDA | |
| 100 | 1 |
_aSullivan, T. D. _q(Timothy Daniel), _d1827-1914 |
|
| 245 | 1 | 4 |
_aThe Dock and the Scaffold : _bThe Manchester Tragedy and the Cruise of the Jacknell _h[electronic resource] / _cT. D. Sullivan |
| 260 |
_bProject Gutenberg, _c2004 |
||
| 500 | _aAt head of title: "God save Ireland." | ||
| 506 | _aPublic domain in the USA. | ||
| 516 | _aElectronic text | ||
| 653 | _aIreland -- Politics and government -- 19th century | ||
| 653 | _aFenians | ||
| 653 | _aIreland -- Biography | ||
| 653 | _aErin's Hope (Brigantine) | ||
| 830 | 0 |
_aProject Gutenberg _v12961 |
|
| 856 | 4 | 0 | _uhttp://www.gutenberg.org/ebooks/12961 |
| 942 | _cEB | ||
| 999 |
_c242216 _d242216 |
||